Catálogo
Digital

Catálogo
Digital

Planes de contingencias (Record no. 14000)

MARC details
000 -CABECERA
campo de control de longitud fija 02485nam a2200325 4500
003 - IDENTIFICADOR DEL NÚMERO DE CONTROL
campo de control EC-UNACH
005 - FECHA Y HORA DE LA ÚLTIMA TRANSACCIÓN
campo de control 20251014143206.0
006 - CÓDIGOS DE INFORMACIÓN DE LONGITUD FIJA--CARACTERÍSTICAS DEL MATERIAL ADICIONAL
campo de control de longitud fija s||||gr|||| 00| 00
008 - DATOS DE LONGITUD FIJA--INFORMACIÓN GENERAL
campo de control de longitud fija 150116t9999 mx r gr 000 0 spa d
020 ## - NÚMERO INTERNACIONAL ESTÁNDAR DEL LIBRO
Número Internacional Estándar del Libro 978-958-648-732-0
040 ## - FUENTE DE LA CATALOGACIÓN
Centro catalogador/agencia de origen EC-UNACH
Centro/agencia transcriptor EC-UNACH
041 ## - CÓDIGO DE LENGUA
Código de lengua del texto/banda sonora o título independiente spa
082 04 - NÚMERO DE LA CLASIFICACIÓN DECIMAL DEWEY
Número de edición 23
Número de clasificación 363.34
Número de documento/Ítem l011173
110 ## - ENTRADA PRINCIPAL--NOMBRE DE ENTIDAD CORPORATIVA
Nombre de entidad corporativa o nombre de jurisdicción como elemento de entrada Ecoe ediciones
245 ## - MENCIÓN DE TÍTULO
Título Planes de contingencias
250 ## - MENCIÓN DE EDICIÓN
Mención de edición Primera edición
264 ## - Producción, publicación, distribución, fabricación y copyright
Lugar de producción, publicación, distribución, fabricación Colombia
Nombre del de productor, editor, distribuidor, fabricante Ecoe ediciones
Fecha de de producción, publicación, distribución, fabricación o copyright 2011
300 ## - DESCRIPCIÓN FÍSICA
Extensión 280
505 ## - NOTA DE CONTENIDO CON FORMATO
Nota de contenido con formato Capitulo 1- Contingencia o emergencia ,Capitulo 2- hechos de la humanidad emergencia o contingencia, Capitulo 3- Criterios sobre los planes de contingencias, Capitulo 4- Sistema nacional para la atención y prevención de desastres, Capitulo 5- Entidades para el control y prevención de desastres , Capitulo 6- Legislación y normalización sobre planes de contingencias, Capitulo 7- puntos para valorar un plan de contingencias , Capitulo 8- Planes de contingencias para los municipios , Capitulo 9- Planes de contingencias para aeropuertos ,Capitulo 10- Planes para actuar ante incendios ,Capitulo 11- planes de contingencias para establecimientos educativos , Capitulo 12- Planes de contingencia para minas Capitulo 13- Planes de contingencia para organizaciones agroindustriales Capitulo 14- Planes de contingencia para emergencias con hidrocarburos Capitulo 15- Planes de contingencias ante fenómenos naturales Capitulo 16 - Planes de contingencias para lugares de concentración humana Capitulo 17-Planes de contingencias en hospitales y similares Capitulo 18- Guía para elaborar planes de contingencia Capitulo 19- Planes de contingencia para etapas de construcción y obras Capitulo 20-Que hacer antes durante y después de un terremoto Capitulo 21- Brigadas brigadistas y simulacros capitulo 22- Métodos para valorar situaciones de riesgo Capítulo 23- Fenómenos físicos naturales y desastrosos Capitulo 24- Clasificación de productos químicos y áreas eléctricas Capitulo 25- Primeros auxilios a personas Capitulo 26- El fuego , bases de control y extinción
650 ## - PUNTO DE ACCESO ADICIONAL DE MATERIA--TÉRMINO DE MATERIA
Término de materia o nombre geográfico como elemento inicial Contigencia o emergencia
650 ## - PUNTO DE ACCESO ADICIONAL DE MATERIA--TÉRMINO DE MATERIA
Término de materia o nombre geográfico como elemento inicial Hechos de la humanidad emergencia o contigencia
650 ## - PUNTO DE ACCESO ADICIONAL DE MATERIA--TÉRMINO DE MATERIA
Término de materia o nombre geográfico como elemento inicial Criterios sobre los planes de contingencias
700 ## - PUNTO DE ACCESO ADICIONAL--NOMBRE DE PERSONA
Nombre de persona Raúl Felipe Trujillo Mejía
942 ## - ELEMENTOS DE PUNTO DE ACCESO ADICIONAL (KOHA)
Fuente del sistema de clasificación o colocación Clasificación Decimal Dewey
Tipo de ítem Koha Libros
999 ## - NÚMEROS DE CONTROL DE SISTEMA (KOHA)
Koha biblionumber 14000
Holdings
Estado de pérdida Fuente del sistema de clasificación o colocación Estado dañado No para préstamo Localización permanente Ubicación/localización actual Ubicación en estantería Fecha de adquisición Fuente de adquisición Número de inventario Total de préstamos Signatura topográfica completa Código de barras Fecha visto por última vez Precio válido a partir de Tipo de ítem Koha Centro de costos
  Clasificación Decimal Dewey     Biblioteca Campus Norte Biblioteca Campus Norte Facultad de Ingeniería - Generalidades 13/10/2025 Transitoria segunda Resolución N°0311-CU-UNACH-SE-ORD-16-09-24 39933272   363.34TRU l011173 l011173 13/10/2025 13/10/2025 Libros  

Powered by Koha